Elenca la formazione - Finale Mondiali 2022 - Statistics

Statistiche generali
  • Questo quiz è stato fatto 359 volte
  • Il punteggio medio è 18 su 22
Statistiche sulle risposte
Ruolo Club dell'epoca Calciatore % Corretto
Portiere Aston Villa Emiliano Martínez
97%
Attaccante Paris Saint-Germain Lionel Messi
97%
Ala Paris Saint-Germain Kylian Mbappé
94%
Portiere Tottenham Hugo Lloris
92%
Attaccante Milan Olivier Giroud
92%
Difensore Milan Theo Hernández
91%
Centrocampista Juventus Adrien Rabiot
89%
Attaccante Juventus Ángel Di María
87%
Trequartista Atletico Madrid Antoine Griezmann
87%
Attaccante Manchester City Julián Álvarez
87%
Ala Barcellona Ousmane Dembélé
84%
Centrocampista Atlético Madrid Rodrigo de Paul
79%
Centrocampista Brighton Alexis Mac Allister
77%
Difensore Tottenham Cristian Romero
77%
Difensore Benfica Nicolás Otamendi
76%
Centrocampista Real Madrid Aurélien Tchouaméni
75%
Difensore Bayern Monaco Dayot Upamecano
75%
Difensore Manchester Utd Raphaël Varane
75%
Centrocampista Benfica Enzo Fernández
72%
Difensore Olympique Lione Nicolás Tagliafico
68%
Difensore Barcellona Jules Koundé
66%
Difensore Atlético Madrid Nahuel Molina
65%
Nessun quiz corrispondente trovato
Distribuzione punteggi
Percentuale di utenti per punteggio
Percentile per numero di risposta
I tuoi punteggi nel tempo
Non hai fatto questo quiz